000 01130nam a2200229 a 4500
001 000966396
003 AM-YEHGA
005 20250617163943.0
008 130604s1962 ru r 000 0 rus d
040 _aAM-YeHGA
041 0 _arus
100 1 _aНемирович-Данченко, Владимир Иванович
_d1858-1943
245 1 0 _aПьесы /
_cВл. И. Немирович-Данченко; [сост. В. А. Путинцев; вступ. ст. Т. Б. Князевской, с. 5-26 ; примеч. В. А. Маслиха].
260 _aМосква :
_bИскусство,
_c1962.
300 _a547 с. :
_b11 вкл. л. ил.
440 0 _aБ-ка драматурга/ Ред. коллегия: А. Аникст и др.
505 0 _aСодерж.: Темный бор; Последняя воля; Новое дело; Золото; Цена жизни; В мечтах
650 1 4 _aРусская литература
_xДраматургия
700 1 _aПутинцев, В. А.
_eсост.
_4com
700 1 _aКнязевская, Т. Б.
_eавт. вступ. ст.
_4aui
090 _c518919
999 _c515378
_d515378